Antología / (Record no. 193865)

MARC details
000 -LEADER
campo de control de longitud fija 01885nam a2200409 i 4500
001 - NÚMERO DE CONTROL
campo de control 193865
003 - IDENTIFICADOR DE NÚMERO DE CONTROL
campo de control SpMaBN
005 - FECHA Y HORA DE LA ÚLTIMA TRANSACCIÓN
campo de control 20250708200836.0
008 - DATOS DE LONGITUD FIJA--INFORMACIÓN GENERAL
campo de control de longitud fija 240201s2020 sp a | |||| 000 p spa
015 ## - NÚMERO DE BIBLIOGRAFÍA NACIONAL
Número de bibliografía nacional MON20
017 ## - NÚMERO DE COPYRIGHT O DE DEPÓSITO LEGAL
Número de copyright o de depósito legal MA 640-2020
Agencia que asigna Oficina Depósito Legal Málaga
020 ## - NÚMERO INTERNACIONAL ESTÁNDAR DEL LIBRO
Número Internacional Estándar del Libro 9788494992148
040 ## - FUENTE DE CATALOGACIÓN
Centro catalogador/agencia de origen SpMaBN
Lengua de catalogación spa
Centro/agencia transcriptor SpMaBN
Normas de descripción rda
080 ## - NÚMERO DE LA CLASIFICACIÓN DECIMAL UNIVERSAL
Número de la Clasificación Decimal Universal 821.134.2-14"19"
100 1# - ENTRADA PRINCIPAL--NOMBRE DE PERSONA
Nombre de persona Mayor Zaragoza, Federico,
Fechas asociadas al nombre 1934-2024
Término indicativo de función/relación Autor
9 (RLIN) 79415
245 10 - MENCIÓN DEL TÍTULO
Título Antología /
Mención de responsabilidad, etc. Federico Mayor Zaragoza ; prólogo de Adela Cortina ; ilustraciones de Miguel Rodríguez Acosta, Mercedes Gómez-Pablos, María Novo, Miguel Gómez Peña.
250 ## - MENCION DE EDICION
Mención de edición Primera edición: mayo de 2020
264 #1 - PRODUCCIÓN, PUBLICACIÓN, DISTRIBUCIÓN, FABRICACIÓN Y COPYRIGHT
Producción, publicación, distribución, fabricación y copyright Málaga :
Nombre del de productor, editor, distribuidor, fabricante Ediciones Litoral,
Fecha de producción, publicación, distribución, fabricación o copyright MMXX [2020].
264 #4 - PRODUCCIÓN, PUBLICACIÓN, DISTRIBUCIÓN, FABRICACIÓN Y COPYRIGHT
Fecha de producción, publicación, distribución, fabricación o copyright ©2020
300 ## - DESCRIPCIÓN FÍSICA
Extensión 461 páginas :
Otras características físicas ilustraciones (blanco y negro y color) ;
Dimensiones 24 cm.
336 ## - TIPO DE CONTENIDO
Término de tipo de contenido Texto
Fuente rdacontent
337 ## - TIPO DE MEDIO
Nombre/término del tipo de medio sin mediación
Fuente rdamedia
338 ## - TIPO DE SOPORTE
Nombre/término del tipo de soporte volumen
Fuente rdacarrier
520 ## - RESUMEN, ETC.
Sumario, etc. Esta antología incluye ilustraciones de María Novo, Miguel Rodríguez Acosta, Mercedes Gómez-Pablos y Miguel Gómez Peña.
655 #7 - TERMINO DE INDIZACIÓN--GENERO/FORMA
Fuente del término tgfbne
9 (RLIN) 176539
Datos o término principal de género/forma Poesías
700 1# - ENTRADA AGREGADA--NOMBRE PERSONAL
Nombre de persona Rodríguez-Acosta, Miguel,
Fechas asociadas al nombre 1927-2025
Término indicativo de función/relación Ilustrador
9 (RLIN) 98314
700 1# - ENTRADA AGREGADA--NOMBRE PERSONAL
Nombre de persona Gómez-Pablos, Mercedes,
Fechas asociadas al nombre 1940-
9 (RLIN) 155292
Término indicativo de función/relación Ilustrador
700 ## - ENTRADA AGREGADA--NOMBRE PERSONAL
Nombre de persona Novo, María
9 (RLIN) 176590
Término indicativo de función/relación Ilustrador
700 ## - ENTRADA AGREGADA--NOMBRE PERSONAL
Nombre de persona Gómez Peña, Miguel
9 (RLIN) 235307
Término indicativo de función/relación Ilustrador
852 ## - LOCALIZACIÓN
Ubicación ES-MaACL
Sublocalización o colección R.155001
Ubicación en estantería Depósito J
Número de control de estantería N-9742
Encuadernación Encuadernación rústica con solapas
Anotaciones manuscritas Dedicatoria autógrafa del autor
Donativo/Legado Donación: Federico Mayor Zaragoza
itemnumber 205408
903 ## - NOMBRE PERSONAL DE DONANTE
9 79415
a Mayor Zaragoza, Federico,
d 1934-2024
e Donante
942 ## - ELEMENTOS DE ENTRADA SECUNDARIOS (KOHA)
Tipo de ítem Koha Libro impreso
Suprimir en OPAC No
Holdings
Estatus retirado Estado de pérdida Fuente del sistema de clasificación o colocación Estado de daño No para préstamo Colección Biblioteca de origen Biblioteca actual Ubicación en estantería Fecha de adquisición Fuente de adquisición Número de control de estantería Total de préstamos Signatura topográfica completa Código de barras Visto por última vez Precio de reemplazo Tipo de ítem Koha
    Clasificación decimal universal     Libros con dedicatorias Biblioteca del Ateneo de Madrid Biblioteca del Ateneo de Madrid Depósito J 11/05/2025 Donación Ateneísta   N-9742 101230059 11/05/2025 11/05/2025 Libro impreso